00392nam a2200109 a 450000100100000000500170001000800410002704000250006824500960009326000730018930000200026200002804920200930031316.0110406s1936 dr 000 0 spa d aDO-SdBNPbspacBNPHU00abases y reglamentos de la sociedad dominicana de estudios e investigaciones históricas /. aCiudad Trujillo, República Dominicana :bEditorial Caribes,c1936. a15 p. ;c22 cm.